Score 0/24 Timer 08:00
0 Plays Today
% Correct
Docks
92.7%
Felines
91.9%
Snow _____
84.4%
Female X-Men
84.2%
Ambulatory Aids
84.1%
Ramps
79.5%
Ferret Relatives
77.7%
Spanish Articles
77.1%
Insects
76.6%
International Airports
76%
Notes (Solfège)
75.4%
Animal Movements
74.7%
% Correct
_____ Lobos
73.9%
Where Cricket is Played
73.4%
Ways One Sneaks Out of Something
72.5%
Docs
71.1%
Woods
67.9%
NATO Phonetic Letters
67.9%
Pine _____
67.5%
States (Administrative Divisions)
64.3%
Homes of Devils
63.2%
Counties
58.3%
Former British Colonies
57.7%
Nations
54.1%
Remove Ads.
Support Sporcle.
Get the best of Sporcle when you Go Orange. This ad-free experience offers more features, more stats, and more fun while also helping to support Sporcle. Thank you for becoming a member.

You're not logged in!

Compare scores with friends on all Sporcle quizzes.
OR
Log In

Sporcle TV

Today on Sporcle TV


Watch our educational content, quiz creation guides, and fun videos on Sporcle TV.

Show Comments

Extras

Top Quizzes Today


Score Distribution

Paid Content

Your Account Isn't Verified!

In order to create a playlist on Sporcle, you need to verify the email address you used during registration. Go to your Sporcle Settings to finish the process.

Report this User

Report this user for behavior that violates our Community Guidelines.

Details: